00339nam a22001337a 4500003000400000020001800004082001700022100002000039245006200059260002900121300000800150700002100158700002600179SGT a9789358422832 a617.69bR23T aTaneja, Virtika aRehabilitation in cases with Maxillofacial insufficiency  aIndiabBook Riversc2023 a146 aNagpal, Abhishek aPhukela, Sumit SIngh